A handbook of ophthalmology for developing countries / (Record no. 1790)

MARC details
000 -LEADER
fixed length control field 01010cam a2200301 i 4500
001 - CONTROL NUMBER
control field 3227955
003 - CONTROL NUMBER IDENTIFIER
control field OSt
005 - DATE AND TIME OF LATEST TRANSACTION
control field 20150520125722.0
008 - FIXED-LENGTH DATA ELEMENTS--GENERAL INFORMATION
fixed length control field 791126s1980 enkaf 001 0 eng
010 ## - LIBRARY OF CONGRESS CONTROL NUMBER
LC control number 79041186
015 ## - NATIONAL BIBLIOGRAPHY NUMBER
National bibliography number GB80
020 ## - INTERNATIONAL STANDARD BOOK NUMBER
International Standard Book Number 0192612441 (pbk.) :
Terms of availability �3.95
040 ## - CATALOGING SOURCE
Original cataloging agency DLC
Transcribing agency DLC
Modifying agency DLC
043 ## - GEOGRAPHIC AREA CODE
Geographic area code d------
050 00 - LIBRARY OF CONGRESS CALL NUMBER
Classification number RE48
Item number .B63 1980
082 00 - DEWEY DECIMAL CLASSIFICATION NUMBER
Classification number WW 13 B542a 1980
100 1# - MAIN ENTRY--PERSONAL NAME
Personal name Bisley, Geoffrey G.
9 (RLIN) 4701
245 12 - TITLE STATEMENT
Title A handbook of ophthalmology for developing countries /
Statement of responsibility, etc. Geoffrey G. Bisley ; with a foreword by J.C. Likimani.
250 ## - EDITION STATEMENT
Edition statement 2d ed.
260 ## - PUBLICATION, DISTRIBUTION, ETC. (IMPRINT)
Place of publication, distribution, etc. Oxford ;
-- New York :
Name of publisher, distributor, etc. Oxford University Press,
Date of publication, distribution, etc. 1980.
300 ## - PHYSICAL DESCRIPTION
Extent 157 p., [16] p. of plates :
Other physical details ill. ;
Dimensions 22 cm.
490 0# - SERIES STATEMENT
Series statement Oxford medical publications
500 ## - GENERAL NOTE
General note Includes index.
650 #0 - SUBJECT ADDED ENTRY--TOPICAL TERM
Topical term or geographic name as entry element Eye
General subdivision Diseases
-- Handbooks, manuals, etc.
9 (RLIN) 4702
650 #0 - SUBJECT ADDED ENTRY--TOPICAL TERM
Topical term or geographic name as entry element Medical care
Geographic subdivision Developing countries
General subdivision Handbooks, manuals, etc.
9 (RLIN) 4703
906 ## - LOCAL DATA ELEMENT F, LDF (RLIN)
a 7
b cbc
c orignew
d 1
e ocip
f 19
g y-gencatlg
942 ## - ADDED ENTRY ELEMENTS (KOHA)
Source of classification or shelving scheme Other/Generic Classification Scheme
Koha item type Short Loan
Holdings
Withdrawn status Lost status Source of classification or shelving scheme Damaged status Not for loan Home library Current library Date acquired Source of acquisition Inventory number Total Checkouts Full call number Barcode Date last seen Price effective from Koha item type
    Other/Generic Classification Scheme     MUST Main Library MUST Main Library 20/05/2015   1994/7137   WW 13 B542a 1980 2015-1462 20/05/2015 20/05/2015 Short Loan